Statistiques concernant Un monument = Un pays

Cliquez ici pour prendre le quiz!

Statistiques générales

  • Ce quiz a été pris 316 fois
  • Le résultat moyen est 17 sur 20

Statistiques - réponses

MonumentsPays% Correct
Big benRoyaume-Uni
100%
Grande murailleChine
99%
Sagrada familíaEspagne
98%
Statue de la LibertéÉtats-Unis
98%
Tour EiffelFrance
98%
Tour de PiseItalie
98%
Pyramide de GizehÉgypte
97%
Statue du Christ RédempteurBrésil
95%
AcropoleGrèce
94%
Porte de BrandenbourgAllemagne
86%
Burj khalifaÉmirats Arabes Unis
85%
Manneken pisBelgique
84%
Pyramide de KukulcánMexique
81%
KamikamoJapon
76%
PétrasJordanie
72%
Cathédrale Saint BasilRussie
72%
Tour CNCanada
71%
La petite sirèneDanemark
71%
UruluAustralie
58%
KaabaArabie saoudite
53%

Distribution des résultats

Percentile par nombre de réponses

% des personnes avec chaque résultat

Votre développement - résultats

Vous n’avez pas pris ce quiz